[Event "2. Torneio Aberto do Brasil - Fortaleza"]
[Site "Fortaleza BRA"]
[Date "2012.04.07"]
[Round "4.22"]
[White "Carvalho, Jose Jorge De"]
[Black "Braga, Jose Pereira"]
[Result "1/2-1/2"]
[WhiteElo "2190"]
[BlackElo "2014"]
[PlyCount "105"]
[EventDate "2012.04.05"]
[EventType "swiss"]
[EventRounds "7"]
[EventCountry "BRA"]
[Source "lmi"]
[SourceDate "2012.08.05"]

1. d4 d5 2. c4 e6 3. Nc3 Nf6 4. cxd5 exd5 5. Bg5 Be7 6. e3 c6 7. Bd3 O-O 8. Qc2
h6 9. Bh4 Nbd7 10. Nge2 Nb6 11. O-O Nh5 12. Bxe7 Qxe7 13. Rab1 Qg5 14. Ng3 Nxg3
15. hxg3 Nd7 16. Rfe1 f5 17. Ne2 Nf6 18. Nf4 Nh5 19. f3 Nf6 20. Kf2 Nh5 21.
Nxh5 Qxh5 22. Rh1 Qg5 23. Rbe1 Bd7 24. Qc5 Qf6 25. Rh5 b6 26. Qa3 a5 27. Reh1
Rae8 28. Bb1 Rf7 29. Qd3 Rfe7 30. Re1 c5 31. Rhh1 cxd4 32. Qxd4 Qxd4 33. exd4
Kf7 34. Rxe7+ Rxe7 35. Bd3 Kf6 36. Rc1 g5 37. Rc7 Be6 38. Rc6 Rb7 39. Ba6 Rb8
40. Bb5 Rb7 41. Ba6 Rb8 42. Bb5 Rb7 43. f4 Ke7 44. a4 g4 45. Ba6 Rb8 46. Rc7+
Kf6 47. Bb7 Kg6 48. Ke3 h5 49. Kd3 Kf6 50. Ba6 Rd8 51. Rc6 Rb8 52. Kc3 Ke7 53.
Rc7+ 1/2-1/2

[Event "2. Torneio Aberto do Brasil - Fortaleza"]
[Site "Fortaleza BRA"]
[Date "2012.04.07"]
[Round "4.23"]
[White "Pluschkat, Gustavo Ranulpho"]
[Black "De Andrade, Roberto Luis Costa"]
[Result "0-1"]
[WhiteElo "2003"]
[BlackElo "2186"]
[PlyCount "32"]
[EventDate "2012.04.05"]
[EventType "swiss"]
[EventRounds "7"]
[EventCountry "BRA"]
[Source "lmi"]
[SourceDate "2012.08.05"]

1. g4 d5 2. Bg2 c6 3. h3 e5 4. d3 Bc5 5. e4 dxe4 6. Bxe4 Nf6 7. Bg2 O-O 8. Nc3
Re8 9. Qf3 Bb4 10. Bg5 Qa5 11. O-O-O e4 12. Qf4 Bxc3 13. bxc3 Qa3+ 14. Kd2 Nd5
15. Qg3 Qxc3+ 16. Kc1 Nb4 0-1

[Event "2. Torneio Aberto do Brasil - Fortaleza"]
[Site "Fortaleza BRA"]
[Date "2012.04.07"]
[Round "4.24"]
[White "Araujo Frota, Rewbenio"]
[Black "Santiago, Bruno M F"]
[Result "0-1"]
[WhiteElo "1975"]
[BlackElo "2167"]
[PlyCount "106"]
[EventDate "2012.04.05"]
[EventType "swiss"]
[EventRounds "7"]
[EventCountry "BRA"]
[Source "lmi"]
[SourceDate "2012.08.05"]

1. d4 Nf6 2. Nf3 g6 3. g3 Bg7 4. Bg2 O-O 5. O-O d6 6. c4 Nc6 7. Nc3 a6 8. e4
Bd7 9. Re1 e5 10. dxe5 dxe5 11. Nd5 Bg4 12. h3 Bxf3 13. Bxf3 Nd4 14. Be3 c6 15.
Bxd4 exd4 16. Nf4 Nd7 17. Qb3 Qc7 18. Rad1 Rad8 19. Bg2 Rfe8 20. Nd3 Bf8 21.
Nf4 Nc5 22. Qf3 Qb6 23. Re2 Bg7 24. Nd3 Nd7 25. h4 Qa5 26. b4 Qa4 27. Rb1 Bf8
28. Reb2 b6 29. Bh3 c5 30. Bxd7 Rxd7 31. h5 Qc6 32. Re1 Qe6 33. hxg6 fxg6 34.
bxc5 bxc5 35. Rc2 Rb8 36. Qe2 Rdb7 37. Nf4 Qe5 38. Nd5 Qe6 39. Kg2 Bg7 40. Nf4
Qe5 41. Nd3 Qe7 42. Rh1 Re8 43. Re1 Be5 44. f4 Bg7 45. Qf3 Rd7 46. Rb2 Rc7 47.
f5 Qg5 48. fxg6 hxg6 49. Rb6 Rf8 50. Nf4 Rcf7 51. Rxa6 Rxf4 52. Qb3 Rf2+ 53.
Kg1 R2f3 0-1

[Event "2. Torneio Aberto do Brasil - Fortaleza"]
[Site "Fortaleza BRA"]
[Date "2012.04.07"]
[Round "4.25"]
[White "Nunes, Moezio Correia"]
[Black "Fernandes Filho, Bergson Fragos"]
[Result "0-1"]
[WhiteElo "1959"]
[BlackElo "2147"]
[PlyCount "74"]
[EventDate "2012.04.05"]
[EventType "swiss"]
[EventRounds "7"]
[EventCountry "BRA"]
[Source "lmi"]
[SourceDate "2012.08.05"]

1. e4 d6 2. Nf3 Nf6 3. d3 g6 4. g3 Bg7 5. Bg2 O-O 6. O-O c5 7. c3 Nc6 8. Re1 e5
9. Bg5 Qb6 10. Qc1 Be6 11. Nbd2 h6 12. Be3 Ng4 13. Nf1 f5 14. h3 Nxe3 15. Nxe3
f4 16. Nd5 Bxd5 17. exd5 Ne7 18. c4 Rf6 19. Nd2 Raf8 20. Ne4 R6f7 21. h4 Nf5
22. Bh3 Nd4 23. Bg2 Qd8 24. Qd2 g5 25. hxg5 hxg5 26. Rab1 g4 27. b4 Nf3+ 28.
Bxf3 gxf3 29. Kh2 Rf5 30. Rh1 Rh5+ 31. Kg1 Rxh1+ 32. Kxh1 Qd7 33. Kh2 Rf5 34.
g4 Rf7 35. g5 Qg4 36. Ng3 Qh4+ 37. Kg1 Qh3 0-1

[Event "2. Torneio Aberto do Brasil - Fortaleza"]
[Site "Fortaleza BRA"]
[Date "2012.04.07"]
[Round "4.26"]
[White "Lu, Jose Silvio Bezerra"]
[Black "De Macedo, Alexandre Ricardo S"]
[Result "1-0"]
[WhiteElo "2145"]
[BlackElo "1920"]
[PlyCount "81"]
[EventDate "2012.04.05"]
[EventType "swiss"]
[EventRounds "7"]
[EventCountry "BRA"]
[Source "lmi"]
[SourceDate "2012.08.05"]

1. Nf3 Nf6 2. g3 g6 3. b3 b6 4. Bg2 Bb7 5. Bb2 Bg7 6. O-O O-O 7. c4 c5 8. Nc3
Nc6 9. d4 cxd4 10. Nxd4 Qc8 11. Nc2 d6 12. Ne3 Ne5 13. Ned5 Re8 14. Qd2 Rb8 15.
h3 Nxd5 16. cxd5 a6 17. Rac1 Qd8 18. e3 e6 19. Rfd1 exd5 20. Nxd5 Ba8 21. Kh1
f6 22. Rc7 Nf7 23. Rdc1 Kf8 24. Bd4 b5 25. Qb2 Bxd5 26. Bxd5 Re7 27. R7c6 Ne5
28. Bxe5 dxe5 29. e4 Ra7 30. Qd2 Re7 31. Rxa6 f5 32. f3 fxe4 33. fxe4 Rf7 34.
Rac6 Bf6 35. Qh6+ Bg7 36. Qxh7 Qg5 37. Bxf7 Qxg3 38. Qg8+ Ke7 39. Rc7+ Kf6 40.
R1c6+ Kg5 41. Rxg6+ 1-0

[Event "2. Torneio Aberto do Brasil - Fortaleza"]
[Site "Fortaleza BRA"]
[Date "2012.04.07"]
[Round "4.27"]
[White "Lemos, Dawton Almino"]
[Black "Luz, Edmundo Reis"]
[Result "0-1"]
[WhiteElo "1887"]
[BlackElo "2134"]
[PlyCount "74"]
[EventDate "2012.04.05"]
[EventType "swiss"]
[EventRounds "7"]
[EventCountry "BRA"]
[Source "lmi"]
[SourceDate "2012.08.05"]

1. e4 d6 2. d4 Nf6 3. Nc3 g6 4. Be3 Bg7 5. Qd2 Ng4 6. Bg5 f6 7. Bh4 c6 8. h3
Nh6 9. a4 Na6 10. Bc4 Nc7 11. f4 b6 12. Nf3 d5 13. Bb3 e6 14. e5 O-O 15. O-O
Nf5 16. Bf2 fxe5 17. Nxe5 Bxe5 18. fxe5 Ba6 19. Ne2 Qe7 20. c3 c5 21. Rac1 Rf7
22. c4 dxc4 23. Bxc4 Bxc4 24. Rxc4 Rd8 25. Qc1 cxd4 26. Bxd4 Nd5 27. Nf4 Ng3
28. Nxg6 hxg6 29. Rxf7 Qxf7 30. Qg5 Ne2+ 31. Kh1 Qf1+ 32. Kh2 Qf4+ 33. Qxf4
Nexf4 34. Bf2 Nd3 35. Bd4 Rf8 36. Rc6 Rf4 37. Rc8+ Kg7 0-1

[Event "2. Torneio Aberto do Brasil - Fortaleza"]
[Site "Fortaleza BRA"]
[Date "2012.04.07"]
[Round "4.28"]
[White "Pinto, Carlos Henrique Lop"]
[Black "Vescovi, Katherine Lemos"]
[Result "1-0"]
[WhiteElo "2124"]
[BlackElo "1706"]
[PlyCount "129"]
[EventDate "2012.04.05"]
[EventType "swiss"]
[EventRounds "7"]
[EventCountry "BRA"]
[Source "lmi"]
[SourceDate "2012.08.05"]

1. Nf3 Nf6 2. d4 g6 3. Bf4 Bg7 4. e3 O-O 5. h3 c5 6. c3 d6 7. Nbd2 Nbd7 8. Be2
a6 9. O-O b5 10. a4 Rb8 11. axb5 axb5 12. Nb3 Qc7 13. Bh2 Bb7 14. dxc5 Nxc5 15.
Nbd4 Bxf3 16. Bxf3 Na4 17. Qe2 e5 18. Nxb5 Qd7 19. c4 Nxb2 20. Qxb2 e4 21. Be2
Ne8 22. Qd2 Bxa1 23. Rxa1 Rd8 24. Bf4 d5 25. c5 Qc6 26. Qd4 Ng7 27. Nd6 Ne6 28.
Qf6 Nxf4 29. Qxf4 Qxc5 30. Nb5 Qc2 31. Nd4 Qb2 32. Ra7 Qb1+ 33. Kh2 Qb6 34. Rc7
Rd6 35. Rc2 Rf6 36. Qg3 Ra8 37. Bg4 Kg7 38. h4 Qb8 39. Rc7 Rxf2 40. Qe5+ Kh6
41. Qg5+ Kg7 42. Ne6+ Kh8 43. Qh6 Qg8 44. Nf4 Qg7 45. Qg5 f6 46. Qxd5 Qxc7 47.
Qxa8+ Kg7 48. Qxe4 g5 49. hxg5 fxg5 50. Qd4+ Kf7 51. Qd5+ Ke8 52. Qg8+ Ke7 53.
Qxh7+ Kd6 54. Qg6+ Ke7 55. Qxg5+ Kf7 56. Bh5+ Kf8 57. Qh6+ Kg8 58. Kg1 Rd2 59.
Qg6+ Kh8 60. Qe8+ Kh7 61. Bg6+ Kh6 62. Qh8+ Kg5 63. Ne6+ Kxg6 64. Nxc7 Kf5 65.
Qh6 1-0

[Event "2. Torneio Aberto do Brasil - Fortaleza"]
[Site "Fortaleza BRA"]
[Date "2012.04.07"]
[Round "4.29"]
[White "Ribeiro, Matheus Cavalcante"]
[Black "Mateus, Jerluce De Alcantar"]
[Result "1/2-1/2"]
[WhiteElo "2121"]
[BlackElo "1834"]
[PlyCount "44"]
[EventDate "2012.04.05"]
[EventType "swiss"]
[EventRounds "7"]
[EventCountry "BRA"]
[Source "lmi"]
[SourceDate "2012.08.05"]

1. e4 c5 2. Nf3 Nc6 3. d4 cxd4 4. Nxd4 d6 5. c4 Bd7 6. Nc3 a6 7. Be3 e6 8. Be2
Nf6 9. O-O Qc7 10. Rc1 Ne5 11. f4 Ng6 12. f5 Ne5 13. fxe6 fxe6 14. Bh5+ Ke7 15.
Bg5 h6 16. Nf5+ Kd8 17. Nxh6 Be7 18. Nf7+ Nxf7 19. Bxf6 Bxf6 20. Bxf7 Ke7 21.
Bg6 Qc5+ 22. Kh1 Rh6 1/2-1/2

[Event "2. Torneio Aberto do Brasil - Fortaleza"]
[Site "Fortaleza BRA"]
[Date "2012.04.07"]
[Round "4.30"]
[White "Borensztajn, David"]
[Black "Okamura, Milton Kasuo"]
[Result "0-1"]
[WhiteElo "1951"]
[BlackElo "2118"]
[PlyCount "64"]
[EventDate "2012.04.05"]
[EventType "swiss"]
[EventRounds "7"]
[EventCountry "BRA"]
[Source "lmi"]
[SourceDate "2012.08.05"]

1. d4 d5 2. Nf3 Nf6 3. e3 e6 4. Bd3 Bd6 5. O-O O-O 6. Nbd2 Nbd7 7. b3 e5 8. e4
Re8 9. Re1 exd4 10. exd5 Nxd5 11. Nc4 Bb4 12. Bd2 Rxe1+ 13. Qxe1 Bxd2 14. Qxd2
c5 15. Re1 N7f6 16. h3 Nb4 17. a3 Nxd3 18. Qxd3 Be6 19. Nfe5 Qc7 20. Nf3 Qf4
21. Na5 Bf5 22. Qd2 Qxd2 23. Nxd2 b6 24. Nc6 Bxc2 25. Re7 Kf8 26. Rxa7 Rxa7 27.
Nxa7 Ne4 28. Nxe4 Bxe4 29. Nc8 Bc2 30. Nxb6 d3 31. Nc4 Bxb3 32. Nd2 Ba4 0-1

[Event "2. Torneio Aberto do Brasil - Fortaleza"]
[Site "Fortaleza BRA"]
[Date "2012.04.07"]
[Round "4.32"]
[White "De Albuquerque Junior, Wellington Sampaio"]
[Black "Fonseca, Luis Ernesto Serra "]
[Result "1-0"]
[WhiteElo "2098"]
[BlackElo "2078"]
[PlyCount "41"]
[EventDate "2012.04.05"]
[EventType "swiss"]
[EventRounds "7"]
[EventCountry "BRA"]
[Source "lmi"]
[SourceDate "2012.08.05"]

1. Nf3 Nf6 2. d4 e6 3. g3 d5 4. Bg2 c5 5. c4 Nc6 6. cxd5 Nxd5 7. O-O Qb6 8. e4
Nf6 9. d5 Na5 10. Nc3 Bd7 11. Ne5 Be7 12. Nxd7 Nxd7 13. Qa4 a6 14. Rd1 O-O-O
15. Bh3 Bf6 16. Bd2 Qb4 17. dxe6 fxe6 18. Bxe6 Bxc3 19. Bxd7+ Kc7 20. Bxc3 Qxa4
21. Bxa4 1-0

[Event "2. Torneio Aberto do Brasil - Fortaleza"]
[Site "Fortaleza BRA"]
[Date "2012.04.07"]
[Round "4.33"]
[White "Simoes, Anderson Mauro"]
[Black "Maia, Jose Eduardo Bastos"]
[Result "1/2-1/2"]
[WhiteElo "1794"]
[BlackElo "2124"]
[PlyCount "45"]
[EventDate "2012.04.05"]
[EventType "swiss"]
[EventRounds "7"]
[EventCountry "BRA"]
[Source "lmi"]
[SourceDate "2012.08.05"]

1. e4 e5 2. Nf3 Nc6 3. Bb5 a6 4. Ba4 Nf6 5. O-O Be7 6. Re1 b5 7. Bb3 d6 8. h3
Na5 9. c3 Nxb3 10. axb3 Bb7 11. d3 O-O 12. Nbd2 Nd7 13. Nf1 f5 14. Ng3 fxe4 15.
dxe4 Nc5 16. b4 Na4 17. Nf5 Nb6 18. Nh2 g6 19. Qg4 Kh8 20. Bh6 Rf7 21. Nxe7
Qxe7 22. Nf3 Re8 23. Bg5 1/2-1/2

[Event "2. Torneio Aberto do Brasil - Fortaleza"]
[Site "Fortaleza BRA"]
[Date "2012.04.07"]
[Round "4.34"]
[White "Machado, Fernando Augusto Di"]
[Black "De Oliveira, Aquiles Machado"]
[Result "0-1"]
[WhiteElo "1863"]
[BlackElo "2096"]
[PlyCount "50"]
[EventDate "2012.04.05"]
[EventType "swiss"]
[EventRounds "7"]
[EventCountry "BRA"]
[Source "lmi"]
[SourceDate "2012.08.05"]

1. d4 d6 2. Nf3 Nf6 3. e3 g6 4. Be2 Bg7 5. O-O O-O 6. b3 c5 7. Bb2 cxd4 8. exd4
d5 9. c4 dxc4 10. bxc4 Nc6 11. Nc3 Bg4 12. d5 Bxf3 13. Bxf3 Na5 14. Qe2 Rc8 15.
Ba3 Re8 16. c5 Nd7 17. Ne4 Bxa1 18. Rxa1 Ne5 19. Ng5 Nac4 20. Bb2 Qc7 21. Bd4
h6 22. d6 exd6 23. Ne4 dxc5 24. Nf6+ Kf8 25. Bxe5 Nxe5 0-1

[Event "2. Torneio Aberto do Brasil - Fortaleza"]
[Site "Fortaleza BRA"]
[Date "2012.04.07"]
[Round "4.35"]
[White "Magalhaes Jr, Sebastiao Silva"]
[Black "De Souza, Arthur Olintho"]
[Result "0-1"]
[WhiteElo "1786"]
[BlackElo "2076"]
[PlyCount "50"]
[EventDate "2012.04.05"]
[EventType "swiss"]
[EventRounds "7"]
[EventCountry "BRA"]
[Source "lmi"]
[SourceDate "2012.08.05"]

1. e4 c5 2. Nf3 Nc6 3. d4 cxd4 4. Nxd4 Nf6 5. Nc3 e5 6. Ndb5 d6 7. Bg5 a6 8.
Na3 b5 9. Nd5 Be7 10. Nxe7 Nxe7 11. Qd3 Bb7 12. f3 Qc7 13. O-O-O d5 14. Bxf6
gxf6 15. Be2 Rc8 16. Rd2 O-O 17. Qe3 Rfd8 18. Bd3 b4 19. Nb1 Ng6 20. g3 Kg7 21.
h4 h5 22. Rf2 Qa5 23. Qd2 dxe4 24. fxe4 Bxe4 25. Rhf1 Bxd3 0-1

[Event "2. Torneio Aberto do Brasil - Fortaleza"]
[Site "Fortaleza BRA"]
[Date "2012.04.07"]
[Round "4.36"]
[White "Chang, Suzana"]
[Black "Sampaio, Leonardo Ribeiro"]
[Result "1/2-1/2"]
[WhiteElo "2055"]
[BlackElo "1882"]
[PlyCount "33"]
[EventDate "2012.04.05"]
[EventType "swiss"]
[EventRounds "7"]
[EventCountry "BRA"]
[Source "lmi"]
[SourceDate "2012.08.05"]

1. d4 Nf6 2. c4 e6 3. Nf3 b6 4. g3 Bb7 5. Bg2 Be7 6. O-O O-O 7. Nc3 Ne4 8. Qc2
Nxc3 9. Qxc3 c5 10. Be3 Bf6 11. Qd2 cxd4 12. Nxd4 Bxg2 13. Kxg2 d5 14. cxd5
Qxd5+ 15. f3 Nc6 16. Nxc6 Qxc6 17. Rac1 1/2-1/2

[Event "2. Torneio Aberto do Brasil - Fortaleza"]
[Site "Fortaleza BRA"]
[Date "2012.04.07"]
[Round "4.38"]
[White "Arpon, Rodrigo Tobias Lana"]
[Black "Rezende, Guilherme Vilela"]
[Result "1/2-1/2"]
[WhiteElo "1825"]
[BlackElo "2039"]
[PlyCount "157"]
[EventDate "2012.04.05"]
[EventType "swiss"]
[EventRounds "7"]
[EventCountry "BRA"]
[Source "lmi"]
[SourceDate "2012.08.05"]

1. e4 c5 2. Nf3 e6 3. d4 cxd4 4. Nxd4 a6 5. c4 Nf6 6. f3 Qc7 7. Nc3 Nc6 8. Nc2
Bc5 9. Be3 d6 10. Bxc5 dxc5 11. Bd3 O-O 12. Qe2 Rd8 13. O-O-O Nd4 14. Qf2 Qf4+
15. Qe3 Nh5 16. Qxf4 Nxf4 17. Bf1 e5 18. Nxd4 exd4 19. Nd5 Nxd5 20. exd5 Bd7
21. Bd3 b5 22. b3 bxc4 23. bxc4 g6 24. Rde1 Re8 25. Rxe8+ Rxe8 26. Kd2 Rb8 27.
Rb1 Rxb1 28. Bxb1 Kf8 29. f4 h6 30. g3 g5 31. Be4 f6 32. a3 Ke7 33. Bd3 Kd6 34.
Be4 Kc7 35. Bd3 Kb6 36. Kc1 Bg4 37. Kb1 Bd1 38. Kc1 Bf3 39. Kb2 Ka5 40. Kc1 Kb6
41. Kd2 Kc7 42. Be2 Bg2 43. Bd3 Kd6 44. Bf5 Bf1 45. Bd3 Bh3 46. Be4 h5 47. Bf3
h4 48. Be4 Bg4 49. Bd3 Ke7 50. Be2 Bh3 51. Bd3 Kf7 52. Ke2 Bg4+ 53. Kd2 Kg7 54.
Ke1 Bd7 55. Kf2 Kf7 56. Ke1 Bg4 57. Kd2 Kg7 58. Be4 Kf8 59. Bd3 Kf7 60. Be4 Kg7
61. Ke1 Kh6 62. Bd3 Bd7 63. Kf2 Kh5 64. Be2+ Kh6 65. Bd3 Bg4 66. Ke1 Bh3 67.
Kd2 Bc8 68. Ke1 a5 69. Kd2 Kh5 70. Be2+ Kh6 71. Bd3 gxf4 72. gxf4 h3 73. Ke1
Kh5 74. Be2+ Kh4 75. Bf3 Bf5 76. d6 Bd7 77. Kd2 f5 78. Kd3 Be8 79. Kd2 1/2-1/2

[Event "2. Torneio Aberto do Brasil - Fortaleza"]
[Site "Fortaleza BRA"]
[Date "2012.04.07"]
[Round "4.39"]
[White "Ribeiro Junior, Valdir Uchoa"]
[Black "Mateus, Janete De Alcantara"]
[Result "0-1"]
[WhiteElo "1931"]
[BlackElo "1888"]
[PlyCount "100"]
[EventDate "2012.04.05"]
[EventType "swiss"]
[EventRounds "7"]
[EventCountry "BRA"]
[Source "lmi"]
[SourceDate "2012.08.05"]

1. e4 c5 2. Nf3 Nc6 3. Bb5 d6 4. O-O Bd7 5. Re1 e5 6. h3 Be7 7. c3 a6 8. Bf1
Bf6 9. d3 Nge7 10. Be3 Ng6 11. d4 cxd4 12. cxd4 O-O 13. Nc3 exd4 14. Nxd4 Be5
15. Nf3 Bxc3 16. bxc3 Be6 17. a4 Nge5 18. Nd4 Qe7 19. Rb1 Rab8 20. f4 Nc4 21.
Bxc4 Bxc4 22. Nf5 Qe6 23. Qxd6 Qxe4 24. Ng3 Qg6 25. Qxg6 fxg6 26. f5 gxf5 27.
Bf4 Bd3 28. Rb6 Rbc8 29. Rxb7 Nd8 30. Ra7 Nc6 31. Rb7 h6 32. Be5 Rf7 33. Rb6
Nxe5 34. Rxe5 Rxc3 35. Rb8+ Kh7 36. Kh2 f4 37. Ne2 Rc2 38. Nd4 Ra2 39. Nf3 Bf1
40. Nh4 Bxg2 41. Kg1 Bxh3 42. Ree8 g5 43. Rh8+ Kg7 44. Rbg8+ Kf6 45. Rxh6+ Ke5
46. Rxg5+ Ke4 47. Nf3 Rd7 48. Re5+ Kxf3 49. Rxh3+ Kg4 50. Re1 Kxh3 0-1

[Event "2. Torneio Aberto do Brasil - Fortaleza"]
[Site "Fortaleza BRA"]
[Date "2012.04.07"]
[Round "4.40"]
[White "De Souza, Gutemberg Magalhaes"]
[Black "Buarque, Hugo Leonardo De Br"]
[Result "1/2-1/2"]
[WhiteElo "1787"]
[BlackElo "1928"]
[PlyCount "82"]
[EventDate "2012.04.05"]
[EventType "swiss"]
[EventRounds "7"]
[EventCountry "BRA"]
[Source "lmi"]
[SourceDate "2012.08.05"]

1. d4 Nf6 2. Nf3 b6 3. Bf4 e6 4. h3 Bb7 5. e3 c5 6. c3 Nc6 7. Nbd2 d5 8. Bd3
Be7 9. O-O a6 10. a4 c4 11. Bc2 Na5 12. Re1 O-O 13. Ne5 Nd7 14. Qh5 Nf6 15. Qe2
b5 16. g4 Ne4 17. f3 Nxd2 18. Qxd2 f6 19. Bxh7+ Kxh7 20. Qc2+ f5 21. gxf5 Rxf5
22. Re2 Nc6 23. Rg2 Nxe5 24. Bxe5 Bf6 25. Kf2 Bxe5 26. dxe5 Qh4+ 27. Rg3 g6 28.
f4 Kh6 29. Rag1 Rg8 30. Ke1 Kg7 31. Qg2 Kf7 32. Kd2 Qh7 33. axb5 axb5 34. Ra1
Ra8 35. Rg1 Ra2 36. Kc2 g5 37. Kb1 Ra7 38. Qc2 Qh4 39. Qd2 Qh7 40. Qc2 Qh4 41.
Qd2 Qh7 1/2-1/2

[Event "2. Torneio Aberto do Brasil - Fortaleza"]
[Site "Fortaleza BRA"]
[Date "2012.04.07"]
[Round "4.41"]
[White "Baeta, Marcio Netto"]
[Black "Da Silva, Alexandre Mota"]
[Result "1-0"]
[WhiteElo "2154"]
[BlackElo "1809"]
[PlyCount "69"]
[EventDate "2012.04.05"]
[EventType "swiss"]
[EventRounds "7"]
[EventCountry "BRA"]
[Source "lmi"]
[SourceDate "2012.08.05"]

1. d4 Nf6 2. c4 e6 3. Nc3 c5 4. d5 exd5 5. cxd5 d6 6. Nf3 g6 7. g3 Bg7 8. Bg2
O-O 9. O-O a6 10. a4 Nbd7 11. Bf4 Qb6 12. a5 Qc7 13. Nd2 Ng4 14. Nc4 Nge5 15.
Bxe5 Bxe5 16. f4 Bxc3 17. bxc3 b5 18. axb6 Nxb6 19. Nxb6 Qxb6 20. e4 Re8 21.
Qa4 Re7 22. Rab1 Qd8 23. Qc6 Bg4 24. Rb6 Rd7 25. Rxa6 Rc8 26. Qb5 Rb8 27. Qc4
Rb2 28. Re1 Rdb7 29. e5 Qf8 30. e6 Rxg2+ 31. Kxg2 Rb2+ 32. Kg1 Bh3 33. Ra2 Qb8
34. e7 Rb1 35. Rae2 1-0

[Event "2. Torneio Aberto do Brasil - Fortaleza"]
[Site "Fortaleza BRA"]
[Date "2012.04.07"]
[Round "4.42"]
[White "Fiaes, Mario Henrique Andr"]
[Black "Do Prado, Hamilton Mesquita"]
[Result "1-0"]
[WhiteElo "2069"]
[BlackElo "1700"]
[PlyCount "51"]
[EventDate "2012.04.05"]
[EventType "swiss"]
[EventRounds "7"]
[EventCountry "BRA"]
[Source "lmi"]
[SourceDate "2012.08.05"]

1. e4 c5 2. Nf3 d6 3. d4 cxd4 4. Nxd4 Nf6 5. Nc3 a6 6. Bg5 e6 7. f4 Nbd7 8. Qf3
Qc7 9. O-O-O Be7 10. Bd3 h6 11. Bh4 Rb8 12. Rhe1 b5 13. a3 Nc5 14. f5 e5 15.
Bxf6 Bxf6 16. Nd5 Qb7 17. Ne2 Bg5+ 18. Kb1 Nd7 19. g3 a5 20. Nec3 b4 21. Nb5
Qc6 22. a4 O-O 23. Qh5 Nb6 24. f6 Nxd5 25. exd5 Qxd5 26. Bh7+ 1-0

[Event "2. Torneio Aberto do Brasil - Fortaleza"]
[Site "Fortaleza BRA"]
[Date "2012.04.07"]
[Round "4.43"]
[White "De Paula, Guilherme Bueno"]
[Black "Araujo, Vitor Angelo Lima"]
[Result "1-0"]
[WhiteElo "2032"]
[BlackElo "1665"]
[PlyCount "51"]
[EventDate "2012.04.05"]
[EventType "swiss"]
[EventRounds "7"]
[EventCountry "BRA"]
[Source "lmi"]
[SourceDate "2012.08.05"]

1. g3 d5 2. f4 Nf6 3. Nf3 c5 4. Bg2 Nc6 5. d3 g6 6. O-O Bg7 7. Qe1 O-O 8. e4
dxe4 9. dxe4 Bg4 10. c3 Qc8 11. e5 Nd5 12. Ng5 Nc7 13. h3 Bf5 14. g4 Bd3 15.
Rf2 h6 16. Ne4 c4 17. Be3 Rd8 18. Na3 f5 19. exf6 Bxf6 20. Rd2 Nd5 21. Nc5 b6
22. Nxd3 cxd3 23. Rxd3 Nxe3 24. Qxe3 Qc7 25. Rxd8+ Rxd8 26. Qe6+ 1-0

[Event "2. Torneio Aberto do Brasil - Fortaleza"]
[Site "Fortaleza BRA"]
[Date "2012.04.07"]
[Round "4.44"]
[White "Quaranta Neto, Francisco"]
[Black "Amancio, Arnaldo Regis"]
[Result "0-1"]
[WhiteElo "1967"]
[BlackElo "1884"]
[PlyCount "112"]
[EventDate "2012.04.05"]
[EventType "swiss"]
[EventRounds "7"]
[EventCountry "BRA"]
[Source "lmi"]
[SourceDate "2012.08.05"]

1. e4 e6 2. d4 d5 3. Nc3 Bb4 4. e5 c5 5. a3 Bxc3+ 6. bxc3 Ne7 7. f4 Nbc6 8. Nf3
Qb6 9. Bd3 Bd7 10. Be3 c4 11. Be2 Nf5 12. Bd2 O-O-O 13. g4 Nfe7 14. h4 f6 15.
exf6 gxf6 16. g5 Rdf8 17. h5 Nf5 18. Rg1 fxg5 19. fxg5 e5 20. Rb1 Qc7 21. dxe5
Nxe5 22. Nd4 Nxd4 23. cxd4 Nc6 24. Be3 Re8 25. Bf2 Rhf8 26. Bg3 Qa5+ 27. Qd2
Qxd2+ 28. Kxd2 Nxd4 29. Bd1 Ne6 30. Bg4 Nxg5 31. Bxd7+ Kxd7 32. Rxb7+ Kc8 33.
Rc7+ Kd8 34. Kc1 Rf7 35. Rxf7 Nxf7 36. Rd1 Re3 37. Rxd5+ Ke8 38. Bf2 Rxa3 39.
Kb2 Ra4 40. Kc3 Ke7 41. Bg3 Ra3+ 42. Kxc4 Rxg3 43. Kb4 Rg4+ 44. Kb3 Rg5 45. Rd4
Rxh5 46. Ra4 a6 47. Re4+ Re5 48. Rc4 h5 49. Rc7+ Kf6 50. Rc6+ Kg5 51. Rc7 Nh6
52. Rg7+ Kf4 53. Ka4 h4 54. Rh7 Rh5 55. c4 h3 56. c5 h2 0-1

[Event "2. Torneio Aberto do Brasil - Fortaleza"]
[Site "Fortaleza BRA"]
[Date "2012.04.07"]
[Round "4.45"]
[White "Monte, Edmar Ferreira"]
[Black "Lemos, Anderson Willian Pe"]
[Result "1-0"]
[WhiteElo "1704"]
[BlackElo "1941"]
[PlyCount "59"]
[EventDate "2012.04.05"]
[EventType "swiss"]
[EventRounds "7"]
[EventCountry "BRA"]
[Source "lmi"]
[SourceDate "2012.08.05"]

1. c4 e5 2. Nc3 Nf6 3. Nf3 Nc6 4. g3 d6 5. Bg2 Bd7 6. O-O Be7 7. b4 a6 8. Rb1
Rb8 9. a4 b6 10. b5 axb5 11. axb5 Na5 12. d3 O-O 13. Bd2 h6 14. Ra1 Qc8 15. Na4
Nb7 16. Re1 Ra8 17. Qc2 Bf5 18. Nc3 Na5 19. Nh4 Rb8 20. Nxf5 Qxf5 21. Ne4 Nd7
22. Bxa5 bxa5 23. Rxa5 Nb6 24. Ra7 Rfc8 25. Rea1 d5 26. cxd5 Nxd5 27. Qc4 Nb6
28. Qc6 Qd7 29. Qxd7 Nxd7 30. Bh3 1-0

[Event "2. Torneio Aberto do Brasil - Fortaleza"]
[Site "Fortaleza BRA"]
[Date "2012.04.07"]
[Round "4.46"]
[White "Dos Santos, Roberto Melo"]
[Black "Cunha, Rafael Fernandes"]
[Result "1-0"]
[WhiteElo "1937"]
[BlackElo "1827"]
[PlyCount "62"]
[EventDate "2012.04.05"]
[EventType "swiss"]
[EventRounds "7"]
[EventCountry "BRA"]
[Source "lmi"]
[SourceDate "2012.08.05"]

1. e4 c5 2. Nf3 e6 3. d4 cxd4 4. Nxd4 a6 5. Nc3 Nc6 6. f4 d6 7. Be2 Be7 8. Be3
Nf6 9. O-O O-O 10. Qd2 Qc7 11. Bf3 Bd7 12. Rad1 Rfd8 13. Qf2 e5 14. Nf5 Qb8 15.
Nxe7+ Nxe7 16. Bb6 Re8 17. f5 Nc8 18. Rd2 Nxb6 19. Qxb6 Bc6 20. Rfd1 Rd8 21. b4
Ne8 22. Nd5 Qa7 23. c4 Bxd5 24. Qxa7 Rxa7 25. Rxd5 b6 26. c5 bxc5 27. bxc5 Kf8
28. cxd6 f6 29. Be2 Rad7 30. Bxa6 Rxd6 31. Rxd6 Nxd6 1-0